000 00318nam a22001337a 4500
008 171019b xxu||||| |||| 00| 0 eng d
020 _a9780072899818
041 _aeng
080 _a338
100 _a53
101 _aMEN
245 _aDECISION SUPORT AND DATA WAREHOUSE SYSTEMS
_cMADLACH.E.G
942 _2udc
_cBK
999 _c34946
_d34946